Défenseur de Rainbow Six Siege - Mort Subite - Statistiques

Statistiques générales
  • Ce quiz a été pris 421 fois
  • Le résultat moyen est 25 sur 37
Answers on the Grid
Answers color-coded by a green-red scale on the quiz's grid according to % correct below.
Ace
Alibi
Amaru
Aruni
Ash
Azami
Bandit
Blackbeard
Blitz
Brava
Buck
Capitao
Castle
Caveira
Clash
Deimos
Doc
Dokkaebi
Echo
Ela
Fenrir
Finka
Flores
Frost
Fuze
Glaz
Goyo
Gridlock
Grim
Hibana
Iana
IQ
Jackal
Jäger
Kaid
Kali
Kapkan
Lesion
Lion
Maestro
Maverick
Melusi
Mira
Montagne
Mozzie
Mute
Nøkk
Nomad
Oryx
Osa
Pulse
Ram
Rauora
Rook
Sens
Sentry
Skopós
Sledge
Smoke
Solis
Striker
Tachanka
Thatcher
Thermite
Thorn
Thunderbird
Tubarão
Twitch
Valkyrie
Vigil
Wamai
Warden
Ying
Zero
Zofia
 
Statistiques - réponses
Réponse % Correct
Frost
72%
Vigil
72%
Alibi
71%
Castle
71%
Doc
71%
Tachanka
71%
Kaid
70%
Valkyrie
70%
Aruni
69%
Bandit
69%
Caveira
69%
Mute
69%
Pulse
69%
Rook
69%
Thorn
69%
Ela
68%
Fenrir
68%
Goyo
68%
Lesion
68%
Maestro
68%
Mira
68%
Jäger
67%
Mozzie
67%
Smoke
67%
Clash
66%
Echo
66%
Kapkan
66%
Oryx
66%
Warden
66%
Azami
65%
Melusi
64%
Thunderbird
63%
Wamai
62%
Solis
61%
Tubarão
59%
Skopós
58%
Sentry
53%
Aucun quiz correspondant
Distribution des résultats
% des personnes avec chaque résultat
Percentile par nombre de réponses
Votre historique - résultats
Vous n’avez pas pris ce quiz